Детали машин: учебное пособие

Λεπτομέρειες βιβλιογραφικής εγγραφής
Κύριος συγγραφέας: Гузенков П. Г. Петр Георгиевич
Γλώσσα:Ρωσικά
Έκδοση: Москва, Высшая школа, 1982
Έκδοση:3-е изд., перераб. и доп.
Σειρά:Высшее образование
Θέματα:
Μορφή: Βιβλίο
KOHA link:https://koha.lib.tpu.ru/cgi-bin/koha/opac-detail.pl?biblionumber=33900

MARC

LEADER 00000nam0a2200000 4500
001 33900
005 20231101210210.0
035 |a (RuTPU)RU\TPU\book\34271 
035 |a BOOK00000922 
090 |a 33900 
100 |a 20011210d1982 m y0 y50 ca 
101 0 |a rus 
102 |a RU 
105 |a y j 000zy 
200 1 |a Детали машин  |e учебное пособие  |f П. Г. Гузенков 
205 |a 3-е изд., перераб. и доп. 
210 |a Москва  |c Высшая школа  |d 1982 
215 |a 351 с. 
225 1 |a Высшее образование 
606 |a Детали машин  |2 stltpush  |3 (RuTPU)RU\TPU\subj\9144  |9 36422 
610 1 |a конструирование 
610 1 |a расчеты 
610 1 |a учебные пособия 
675 |a 621.81(075.8)  |v 3 
700 1 |a Гузенков  |b П. Г.  |g Петр Георгиевич 
801 0 |a RU  |b 63413507  |c 20011210  |g PSBO 
801 2 |a RU  |b 63413507  |c 20220922  |g PSBO 
900 |a Прикладная механика 
900 |a Детали машин 
900 |a Основы конструирования 
900 |a Основы инженерного проектирования 
942 |c BK